| 000 | 00976nac a22002771i 4500 | ||
|---|---|---|---|
| 003 | EG-ScBUE | ||
| 005 | 20260120101318.0 | ||
| 008 | 260120s1983 nyuab f b 001 0 eng d | ||
| 020 | _a0471891118 | ||
| 040 |
_aEG-ScBUE _beng _erda _cEG-ScBUE _dEG-ScBUE |
||
| 082 | 0 | 0 |
_a551.4 _bPYT _222 |
| 100 | 1 |
_aPytkowicz, Ricardo M., _eauthor. |
|
| 245 | 1 | 0 |
_aEquilibria, nonequilibria, and natural waters. _nvolume 2 / _cRicardo M. Pytkowicz, Oregon State University, Corvallis. |
| 264 | 1 |
_aNew York : _bWiley, _c1983 |
|
| 300 |
_a553 pages : _billustrations, maps ; _c29 cm |
||
| 336 |
_2rdacontent _atext _btxt |
||
| 337 |
_aunmediated _2rdamedia _bn |
||
| 338 |
_avolume _bnc _2rdacarrier |
||
| 500 | _a"A Wiley-Interscience publication." | ||
| 504 | _aIncludes bibliographical references and index. | ||
| 650 | 7 |
_aWater chemistry. _2BUEsh |
|
| 650 | 7 |
_aChemical oceanography. _2BUEsh |
|
| 650 | 7 |
_aSolution (Chemistry) _2BUEsh |
|
| 655 | _vReading book | ||
| 942 |
_cBB _2ddc |
||
| 999 |
_c9571 _d9571 |
||